Cuina sense pares.cat : receptes fàcils i saludables receptes fàcils i saludables
Descripción Física:
1 postal ; col. ; 11 x 15 cm.
Materias:
Cuina
Idioma:
Catalán
MARC
| LEADER | 00000nrm a22000007a 4500 | ||
|---|---|---|---|
| 001 | 26393 | ||
| 003 | Arxiu | ||
| 005 | 20260324181139.0 | ||
| 008 | 220802b spa||||| |||| 00| 0 cat d | ||
| 017 | |a B 30216-2017 | ||
| 040 | |a agdb |b cat | ||
| 245 | |a Cuina sense pares.cat : |b receptes fàcils i saludables | ||
| 260 | |a Barcelona : |b Diputació de Barcelona ; |c 2017 | ||
| 300 | |a 1 postal ; |b col. ; |c 11 x 15 cm. | ||
| 650 | 0 | |2 Arxiu |9 38788 |a Cuina | |
| 710 | |a Barcelona (Catalunya : Província). |b Servei de Salut Pública i Consum |9 8151 | ||
| 942 | |2 udc |n 1 |c ARXIU | ||
| 952 | |0 0 |1 0 |2 udc |4 0 |6 NBM1473 |7 1 |9 63312 |a Arxiu |b Arxiu |d 2022-08-02 |l 0 |o NBM-14-73 |p 26393 |r 2022-08-02 00:00:00 |w 2022-08-02 |y ARXIU | ||
| 999 | |c 82547 |d 82547 | ||